| 000 | 01050cab a2200241 4500 | ||
|---|---|---|---|
| 001 | ABS58207 | ||
| 008 | 090401t1998 xxu||||| |||| 00| 0 eng d | ||
| 035 | _a(Sirsi) u83459 | ||
| 041 | _aeng | ||
| 100 | _aVollans, T. | ||
| 245 | _aFinancing the partnership - a problem solved | ||
| 260 | _c1998 | ||
| 350 | _a0 | ||
| 490 |
_aProfessional Practice Management _v16(1) January 1998, 10-11(2) |
||
| 520 | _aConsiders the problems of providing a partnership with enough capital funding to cover the acquisition of assets, operating expenses and work in progress. Historically professional partnerships were funded by the private incomes of partners, part of which was added to the firm`s funds upon entry into the partnership. However with the current professional scene these funds are no longer sufficient. Tables. | ||
| 650 | _aCAPITAL FUNDING | ||
| 650 | _aFUNDING | ||
| 650 | _aPARTNERSHIPS | ||
| 650 | _aPRACTICE MANAGEMENT | ||
| 690 | _aMANAGEMENT-BUSINESS MANAGEMENT-PROFESSIONAL PRACTICE | ||
| 942 | _n0 | ||
| 948 | _c30/01/1998 | ||
| 999 |
_c52713 _d52713 |
||